| 000 | 01451cam a2200349 a 4500 | ||
|---|---|---|---|
| 999 |
_c173125 _d173125 |
||
| 001 | 15209573 | ||
| 003 | Nust | ||
| 005 | 20180718095822.0 | ||
| 008 | 080307s2008 ilua j 000 1 eng | ||
| 010 | _a 2008009150 | ||
| 020 |
_a9780141321127 (pbk) _cRs. 596 |
||
| 038 | _aArshad | ||
| 040 |
_aDLC _cDLC _dDLC |
||
| 042 | _alcac | ||
| 050 | 0 | 0 |
_aPZ7.B934 _bLg 2008 |
| 082 | 0 | 0 |
_a823 _bBUR |
| 100 | 1 |
_aBurnett, Frances Hodgson, _d1849-1924. _911810 |
|
| 245 | 1 | 2 |
_aA little princess : _babridged from the original / _cby Frances Hodgson Burnett ; illustrations by Francesca Greco ; CD narrated by Lucy Whybrow. |
| 260 |
_aNaperville, Ill. : _bSourcebooks Jabberwocky, _c2008. |
||
| 300 |
_a294 p. : _bill. ; _c21 cm. |
||
| 490 | 0 | _aHear it, read it | |
| 520 | _aSara Crewe, a pupil at Miss Minchin's London school, is left in poverty when her father dies but is later rescued by a mysterious benefactor. | ||
| 650 | 1 |
_aBoarding schools _vFiction. _911811 |
|
| 650 | 1 |
_aSchools _vFiction. _96715 |
|
| 650 | 1 |
_aOrphans _vFiction. _97117 |
|
| 651 | 1 |
_aLondon (England) _xHistory _y1800-1950 _vFiction. _911812 |
|
| 651 | 1 |
_aGreat Britain _xHistory _yVictoria, 1837-1901 _vFiction. _911813 |
|
| 856 | 4 | 1 |
_3Table of contents only _uhttp://www.loc.gov/catdir/toc/ecip0812/2008009150.html |
| 906 |
_a7 _bcbc _corignew _d1 _eecip _f20 _gy-gencatlg |
||
| 942 |
_2ddc _cBK |
||